| 000 | 00872cam a22002414a 4500 | ||
|---|---|---|---|
| 001 | 12257083 | ||
| 005 | 20180214080048.0 | ||
| 008 | 001214s2001 dcua b 101 0 eng | ||
| 010 | _a 00069972 | ||
| 020 | _a1557987793 (cb : alk. paper) | ||
| 040 |
_aDLC _cDLC _dDLC |
||
| 041 | _aeng | ||
| 042 | _apcc | ||
| 080 | _a362.82923 BER | ||
| 082 | 0 | 0 |
_a362.82923 BER _221 |
| 100 | _a50 | ||
| 101 | _aSOC | ||
| 245 | 0 | 0 |
_aDomestic violence in the lives of children : _cedited by Sandra A. Graham-Bermann and Jeffrey L. Edleson. |
| 504 | _aIncludes bibliographical references and indexes. | ||
| 906 |
_a7 _bcbc _corignew _d1 _eocip _f20 _gy-gencatlg |
||
| 942 |
_2ddc _cBK |
||
| 999 |
_c42515 _d42515 |
||